Welcome to CU Library Online Public Access Catalogue (OPAC)

Textbook of physical diagnosis : (Record no. 3324)

MARC details
000 -LEADER
fixed length control field 00635cam a22002054a 4500
001 - CONTROL NUMBER
control field 13868199
005 - DATE AND TIME OF LATEST TRANSACTION
control field 20250131192657.0
008 - FIXED-LENGTH DATA ELEMENTS--GENERAL INFORMATION
fixed length control field 050211s2006 paua 000 0 eng
020 ## - INTERNATIONAL STANDARD BOOK NUMBER
International Standard Book Number 9781416003076
020 ## - INTERNATIONAL STANDARD BOOK NUMBER
International Standard Book Number 141600307X
050 00 - LIBRARY OF CONGRESS CALL NUMBER
Classification number RC76
Item number .S95 2006
082 00 - DEWEY DECIMAL CLASSIFICATION NUMBER
Classification number 616/.07/54
Edition information 22
100 1# - MAIN ENTRY--PERSONAL NAME
Personal name Swartz, Mark H.
245 10 - TITLE STATEMENT
Title Textbook of physical diagnosis :
Remainder of title history and examination /
Statement of responsibility, etc. Mark H. Swartz.
250 ## - EDITION STATEMENT
Edition statement 5th ed.
260 ## - PUBLICATION, DISTRIBUTION, ETC.
Place of publication, distribution, etc. Philadelphia :
Name of publisher, distributor, etc. Saunders/Elsevier,
Date of publication, distribution, etc. 2006
300 ## - PHYSICAL DESCRIPTION
Extent xvii, 909 p. :
Other physical details col. ill. ;
Dimensions 28 cm.
Accompanying material 1 computer disc (4 3/4 in.)
650 #0 - SUBJECT ADDED ENTRY--TOPICAL TERM
Topical term or geographic name entry element Physical diagnosis.
942 ## - ADDED ENTRY ELEMENTS (KOHA)
Source of classification or shelving scheme Library of Congress Classification
Koha item type Books
Edition 5th ed.
Suppress in OPAC No
999 ## -
-- 3324
-- 3324
Holdings
Withdrawn status Lost status Source of classification or shelving scheme Damaged status Not for loan Collection Home library Current library Shelving location Date acquired Total checkouts Full call number Barcode Date last seen Copy number Price effective from Koha item type
    Library of Congress Classification     Non-fiction Science Library (Miotso) Science Library (Miotso) General stacks 01/31/2025   RC76 .S95 SWA SLM00002713 01/31/2025 1 01/31/2025 Books
    Library of Congress Classification     Non-fiction Science Library (Miotso) Science Library (Miotso) General stacks 01/31/2025   RC76 .S95 SWA SLM00002714 01/31/2025 2 01/31/2025 Books
    Library of Congress Classification     Non-fiction Science Library (Miotso) Science Library (Miotso) General stacks 01/31/2025   RC76 .S95 SWA SLM00002715 01/31/2025 3 01/31/2025 Books
    Library of Congress Classification     Non-fiction Science Library (Miotso) Science Library (Miotso) General stacks 01/31/2025   RC76 .S95 SWA SLM00002716 01/31/2025 4 01/31/2025 Books
    Library of Congress Classification     Non-fiction Science Library (Miotso) Science Library (Miotso) General stacks 01/31/2025   RC76 .S95 SWA SLM00002717 01/31/2025 5 01/31/2025 Books
© 2023-2024 Copyright: Central University Libraries. All Rights Reserved | Created by: Mahone Tech Office